| 000 | 00793nas a2200253 4500 | ||
|---|---|---|---|
| 001 | BR0804831 | ||
| 003 | BR-BrBNA | ||
| 005 | 20231205111856.0 | ||
| 007 | ta | ||
| 008 | 230509b bl.|||p| |||| 00| 00por d | ||
| 040 |
_aBR-BrBNA _bpor _cBiblioteca Nacional de Agricultura |
||
| 041 | _a(Pt) | ||
| 072 | _aL53 | ||
| 100 | 1 | _aPaschoal, J.A.R. | |
| 100 | 1 | _aDuarte, K.M.R. | |
| 100 | 1 | _aMeirelles, C.F. | |
| 245 | 1 | _aDeterminação de progesterona em plasma e leite de vacas:padronização de um imunoensaio ELISA | |
| 650 | _aPROGESTERONA | ||
| 650 | _aELISA | ||
| 650 | _aANTICORPO | ||
| 773 | 0 |
_tRevista Brasileira de Reprodução Animal (Brazil) _xISSN 0102-0803 _g(Apr-Jun 2004), v. 28(2) p. 84-92 _wBR0804831 |
|
| 909 |
_a202311 _bLúcia _c55 _dLúcia Elande |
||
| 942 |
_2AGRIS _n0 _cANA |
||
| 999 |
_c194917 _d194917 |
||